A-Z Words in Beatles Song Titles - Statistics

General Stats
  • This quiz has been taken 600 times
    464 since last reset
  • The average score is 19 of 22
Answer Stats
Letter Word % Correct
H Hammer, Hand, Happy, Happiness, Hard, Has, Have, Heart, Hearts, Heavy, Hello, Help, Helter, Her, Here, Hey, Hide, Hill, Him, Hold, Hole, Holes, Home, Honey
97%
Y Yellow, Yer, Yes, Yesterday, You, Your, You're, Yourself, You've
97%
L Lane, Laid, Leaving, Let, Life, Like, Little, Lizzy, Lonely, Long, Looking, Lose, Loser, Love, Lovely, Loves, Loving, Lucy
96%
A Across, Act, After, All, And, Anna, Another, Any, Ask, Away
94%
B Baby, Baby's, Back, Bad, Band, Bathroom, Because, Beethoven, Before, Being, Benefit, Better, Bill, Bird, Birthday, Black, Blackbird, Blue, Blues, Bother, Boy, Boys, Bulldog, Bungalow, Buy
94%
D Dance, Darling, Day, Days, Day's, Dear, Deine, Devil, Diamonds, Dig, Dizzy, Doctor, Doing, Don't, Down, Drive,
94%
S Sadie, Said, Sally, Savoy, Saw, Sea, Second, Secret, See, Seen, Sexy, Sgt., She, She's, Should, Shout, Silver, Sing, Sixty-Four, Skelter, Sky, Sleeping, Slow, Slumbers, Someone, Something, Son, Song, Spoil, Standing, Story, Strawberry, Submarine, Sun, Sunshine
93%
W Wait, Walrus, Wanna, Want, Warm, Was, Waste, Way, Week, Weeps, Weight, What, When, While, Why, Wild, Will, Winding, Window, With, Within, Without, Woman, Won't, Wood, Word, Words, Work
93%
G Garden, Gently, Get, Getting, Gib, Girl, Give, Glass, Goes, Going, Golden, Good, Goodbye, Got, Guitar, Gun
91%
C Call, Came, Can't, Car, Carry, Chains, Child, City, Club, Come, Comes, Continuing, Cry
90%
E Eight, Eleanor, End, Every, Everybody's, Everywhere, Except
90%
F Face, Feel, Feeling, Fell, Fields, Fine, Fixing, Flown, Flying, Follow, Fool, For, Forever, Friends, From
90%
M Mae, Maggie, Magical, Majesty, Man, March, Martha, Matchbox, Maxwell's, Mean, Meanies, Michelle, Mine, Mir, Misery, Miss, Money, Monkey, Monsters, Moonlight, Morning, Mother, Move, Much, Music, Mustard, Mystery
90%
T Tall, Taste, Taxman, Tell, Thank, That, That's, The, There, There's, Things, Think, This, Through, Tight, Ticket, Till, Time, Tired, Today, Together, Tomorrow, Too, Tour, Tripper, Truffle, Trying, Twist, Two
90%
P Pam, Party, Pass, Penny, Pepperland, Pepper's, Pie, Piggies, Place, Please, Polythene, Pony, Postman, Prudence
89%
N Name, Naturally, Nature's, Need, Needed, Never, Night, Northern, Norwegian, Not, Nowhere
88%
R Raccoon, Really, Reply, Reprise, Revolution, Rich, Ride, Rigby, Rita, Road, Robert, Rock, Rocky, Roll, Run
87%
O Ob-La-Di, Ob-La-Da, Octopus's, One, Onion, Only, Out, Over
86%
J Jay, Julia, Jude, Just
85%
K Kansas, King, Kite, Know, Known, Knows, Komm
72%
I I'll, Instead, Into, It's, I've
69%
U Universe, U.S.S.R.
45%
No matching quizzes found
Score Distribution
Percent of People with Each Score
Percentile by Number Answered
Your Score History
You have not taken this quiz since the last reset